|
|
|
|
| LEADER |
00000cam a2200000 7i4500 |
| 001 |
0000002112 |
| 005 |
20021016.0 |
| 090 |
0 |
0 |
|a R THE634.973748
|b HII 1995
|
| 100 |
1 |
0 |
|a HII
|h Yea Fu
|
| 245 |
1 |
4 |
|a The optimal rotation length of acacia mangium plantation
|c Hii Yea Fui
|
| 260 |
0 |
0 |
|a Serdang, Selangor :
|b Universiti Pertanian Malaysia ,
|c 1995
|
| 300 |
|
|
|a viii, 60 p. ;
|c 30 cm.
|
| 500 |
0 |
0 |
|a Bibliography : p. 50-53
|
| 500 |
0 |
0 |
|a Thesis : Bac of Forestry Science, Universiti Pertanian Malaysia (1995)
|
| 650 |
0 |
0 |
|a Acacia
|z Kemasul Forest Plantation, Pahang
|
| 650 |
0 |
0 |
|a Mangium
|z Kemasul Forest Plantation, Pahang
|
| 998 |
|
|
|a JPSM
|
| 999 |
|
|
|a 0000003473
|b Monograph
|c Thesis
|e Default branch
|